Online
Catalog

Sexualidad y amor : (Record no. 25221)

MARC details
000 -CABECERA
campo de control de longitud fija 00809cam a2200205 a 4500
001 - NÚMERO DE CONTROL
campo de control 000025729
005 - FECHA Y HORA DE LA ÚLTIMA TRANSACCIÓN
campo de control 20200930024014.0
008 - DATOS DE LONGITUD FIJA--INFORMACIÓN GENERAL
campo de control de longitud fija 760831s1964 sp 000 | spa d
041 ## - CÓDIGO DE LENGUA
Código de lengua del texto/banda sonora o título independiente spa
Código de lengua original rus
Fuente del código Código de idioma MARC
082 ## - NÚMERO DE LA CLASIFICACIÓN DECIMAL DEWEY
Número de clasificación xxx
Número de documento/Ítem R446s
049 ## - FONDOS LOCALES (OCLC)
Fondos de biblioteca BNGR
040 ## - FUENTE DE LA CATALOGACIÓN
Centro catalogador/agencia de origen DO-SdBNP
100 1# - ENTRADA PRINCIPAL--NOMBRE DE PERSONA
Nombre de persona Reuss, Josef María,
9 (RLIN) 52514
240 #0 - TÍTULO UNIFORME
Título uniforme Geschlechtlichkeit und Liebe, Sexual padagogische Richtlinien und Hinweise.
Lenguaje de la obra Español
245 13 - MENCIÓN DE TÍTULO
Título Sexualidad y amor :
Resto del título directrices para una pedagogía sexual /
Mención de responsabilidad, etc. Josef María Reuss ; versión de castellana Ismael Antich.
260 ## - PUBLICACIÓN, DISTRIBUCIÓN, ETC.
Lugar de publicación, distribución, etc. Barcelona :
Nombre del editor, distribuidor, etc. Herder ,
Fecha de publicación, distribución, etc. 1964.
300 ## - DESCRIPCIÓN FÍSICA
Extensión 186 p. ;
Dimensiones 20 cm.
500 ## - NOTA GENERAL
Nota general Incluye referencia al pie de páginas
534 ## - NOTA SOBRE LA VERSIÓN ORIGINAL
Encabezamiento principal del original Título original :
Mención de título del original Geschlechtlichkeit und Liebe, Sexual padagogische Richtlinien und Hinweise.
Holdings
Estado de retiro Estado de pérdida Restricciones de uso No para préstamo Código de colección Localización permanente Ubicación/localización actual Ubicación en estantería Fecha de adquisición Número de inventario Total de préstamos Signatura topográfica completa Código de barras Fecha visto por última vez Precio válido a partir de Tipo de ítem Koha
      Excluido de préstamo Monografías: Libros y Folletos General General En catalogación 21.02.2011 LF1   xxx R446s 25729-10 25.06.2020 25.06.2020 No se presta

Powered by Koha